000 00451cam a2200181ua 4500
020 _c28.50
041 _aeng
_h
082 _a629.2
_bSRI/AU
100 _aSrinivasan, S .
245 _aAutomotive mechanics /
_cS Srinivasan.
_hTextual Documents
250 _a1 /
_b.
260 _aNew Delhi :
_bTata Mc-Graw Hill Publishing Company ,
_c1985.
300 _a285 ; .
365 _a28.50
504 _a
942 _cBK
999 _c7478
_d7478